|
|
|
|
| LEADER |
00000nam0a2200000 4500 |
| 001 |
288188 |
| 005 |
20231102000049.0 |
| 020 |
|
|
|a RU
|b 85-83924
|
| 035 |
|
|
|a (RuTPU)RU\TPU\book\312640
|
| 090 |
|
|
|a 288188
|
| 100 |
|
|
|a 20150323d1985 k y0rusy5003 ca
|
| 101 |
0 |
|
|a rus
|
| 102 |
|
|
|a RU
|
| 105 |
|
|
|a a z 001zy
|
| 200 |
1 |
|
|a Актуальные проблемы метрологии в радиоэлектронике
|f под ред. В. К. Коробова
|
| 210 |
|
|
|a Москва
|c Изд-во стандартов
|d 1985
|
| 215 |
|
|
|a 296 с.
|c ил.
|
| 320 |
|
|
|a Библиогр.: с. 280-293
|
| 606 |
|
|
|a Радиоэлектроника
|x Метрология
|2 stltpush
|3 (RuTPU)RU\TPU\subj\23340
|9 47951
|
| 610 |
1 |
|
|a метрология
|
| 610 |
1 |
|
|a метрологические исследования
|
| 610 |
1 |
|
|a время
|
| 610 |
1 |
|
|a частота
|
| 610 |
1 |
|
|a точные измерения
|
| 610 |
1 |
|
|a эталоны
|
| 610 |
1 |
|
|a магнитная индукция
|
| 610 |
1 |
|
|a лазеры
|
| 610 |
1 |
|
|a плазма
|
| 610 |
1 |
|
|a диагностика
|
| 610 |
1 |
|
|a атомы
|
| 610 |
1 |
|
|a спектроскопия
|
| 675 |
|
|
|a 621.37/.39
|v 3
|
| 702 |
|
1 |
|a Коробов
|b В. К.
|4 340
|
| 801 |
|
0 |
|a RU
|b RuMRKP
|c 19950704
|g psbo
|
| 801 |
|
1 |
|a RU
|b 63413507
|c 20150323
|
| 801 |
|
2 |
|a RU
|b 63413507
|c 20180609
|g RCR
|
| 942 |
|
|
|c BK
|